Finaliśći Ligi Europy - Statystyki

Ogólne statystyki
  • Ten quiz został rozwiązany 142 razy
  • Średni wynik to 16 z 29
Statystyki odpowiedzi
Hint Odpowiedź % Poprawnych
Anglia Manchester United
93%
Anglia Chelsea
88%
Anglia Liverpool
83%
Hiszpania Sevilla
83%
Holandia Ajax
78%
Anglia Arsenal
76%
Hiszpania Atlético de Madryt
74%
Portugalia Porto
74%
Szkocja Celtic Glasgow
73%
Portugalia Sporting CP
69%
Niemcy Borussia Dortmund
67%
Szkocja Glasgow Rangers
64%
Włochy Inter Mediolan
64%
Hiszpania Valencia
60%
Turcja Galatasaray A.S.
56%
Holandia Feyenoord Rotterdam
54%
Francja Olympique Marseille
54%
Ukraina Szachtar Donieck
53%
Rosja CSKA Moskwa
50%
Portugalia SC Braga
48%
Ukraina Dnipro Dniepropetrowsk
43%
Hiszpania Athletic Bilbao
38%
Hiszpania Villarreal CF
31%
Anglia Fulham
26%
Hiszpania RCD Espanyol
19%
Niemcy Werder Bremen
17%
Hiszpania Deportivo Alavés
15%
Portugalia Benfika Lizbona
13%
Anglia FC Middlesbrough
9%
Nie znaleziono quizów pasujących do podanych kryteriów
Rozkład punktacji
Procent ludzi z każdym wynikiem
Percentyl według liczby udzielonych odpowiedzi
Twoja historia wyników
Nie rozwiązałeś tego quizu